Health & fitness. (Record no. 14795)
[ view plain ]
| 000 -LEADER | |
|---|---|
| fixed length control field | 00627nas a22002051 4500 |
| 001 - CONTROL NUMBER | |
| control field | 0000013106 |
| 005 - DATE AND TIME OF LATEST TRANSACTION | |
| control field | 20151217160929.0 |
| 008 - FIXED-LENGTH DATA ELEMENTS--GENERAL INFORMATION | |
| fixed length control field | 090602c xxur p 0 0eng d |
| 040 ## - CATALOGING SOURCE | |
| Original cataloging agency | KABU |
| Transcribing agency | KABU |
| 245 00 - TITLE STATEMENT | |
| Title | Health & fitness. |
| 260 ## - PUBLICATION, DISTRIBUTION, ETC. (IMPRINT) | |
| Place of publication, distribution, etc. | London : |
| Name of publisher, distributor, etc. | Hubert Burda Media, |
| Date of publication, distribution, etc. | 2007 -. |
| 300 ## - PHYSICAL DESCRIPTION | |
| Extent | v : |
| Other physical details | ill. |
| 310 ## - CURRENT PUBLICATION FREQUENCY | |
| Current publication frequency | Monthly, |
| 650 #0 - SUBJECT ADDED ENTRY--TOPICAL TERM | |
| Topical term or geographic name as entry element | Health |
| Form subdivision | Periodicals. |
| -- | 0000155772 |
| 650 #0 - SUBJECT ADDED ENTRY--TOPICAL TERM | |
| Topical term or geographic name as entry element | Physical fitness |
| Form subdivision | Periodicals. |
| -- | 0000170226 |
| 908 ## - PUT COMMAND PARAMETER (RLIN) | |
| Put command parameter | 090602 |
| 950 ## - LOCAL HOLDINGS (RLIN) | |
| -- | 1 |
| Withdrawn status | Lost status | Source of classification or shelving scheme | Not for loan | Home library | Current library | Date acquired | Total Checkouts | Full call number | Barcode | Date last seen | Price effective from | Koha item type |
|---|---|---|---|---|---|---|---|---|---|---|---|---|
| Library of Congress Classification | Not For Loan | Kabarak, Main Campus | Kabarak, Main Campus | 17/12/2015 | RA773 .H43 2007 May - Dec. c. 1 | 17749 | 17/12/2015 | 17/12/2015 | Periodicals | |||
| Library of Congress Classification | Not For Loan | Kabarak, Main Campus | Kabarak, Main Campus | 17/12/2015 | RA773 .H43 2008 Feb. - Dec. c. 1 | 17750 | 17/12/2015 | 17/12/2015 | Periodicals |